|
|
|
|
| LEADER |
00000nam a2200000 a 4500 |
| 001 |
UCN6928 |
| 003 |
CL-VaPUC |
| 008 |
011005e20010000CL |||||||||||||||||spa|d |
| 082 |
0 |
4 |
|a 305.42
|b ESC
|2 21
|
| 100 |
0 |
|
|a Escobar Guic, Dina
|e author
|9 496271
|
| 700 |
0 |
|
|a Flores Bernal, Raquel
|e author
|9 496272
|
| 700 |
0 |
|
|a Veneros Ruiz-Tagle, Diana
|e author
|9 496273
|
| 245 |
1 |
0 |
|a Red nacional universitaria interdisciplinaria de estudios de género
|
| 300 |
|
|
|a 199 p
|
| 942 |
|
|
|c BK
|
| 945 |
|
|
|d 20011005 00:00:00
|a crobeson
|
| 260 |
|
|
|a Santiago
|b SERNAM
|c 2001
|
| 650 |
|
7 |
|a MUJERES - ASPECTOS SOCIALES
|2 CL-VaPUC
|9 311584
|
| 650 |
|
7 |
|a MUJERES - ESTUDIOS INTERDISCIPLINARIOS
|2 CL-VaPUC
|9 496274
|
| 650 |
|
7 |
|a EDUCACION DE LA MUJER
|2 CL-VaPUC
|9 307884
|
| 650 |
|
0 |
|a Derechos de la mujer
|9 257074
|
| 583 |
|
|
|a last modification
|c 20011005 00:00:00
|k Rodrigo Vera
|
| 999 |
|
|
|c 314959
|d 314957
|
| 952 |
|
|
|0 0
|1 0
|4 0
|6 305_420000000000000_ESC_2001
|7 0
|8 A
|9 387791
|a BIBGIM
|b BIBGIM
|d 2019-11-22
|i 3749789
|o 305.42 ESC 2001
|p 3749789
|r 2025-01-15
|w 2019-11-22
|y BK
|k GIM
|